Match Cities to States: Click Quiz #2 - Statistics

General Stats
  • This quiz has been taken 109 times
  • The average score is 12 of 14
Answer Stats
Hint Answer % Correct
Tucson, Tempe, Mesa Arizona
95%
Bakersfield, Long Beach, Fresno California
95%
Pearl City, Hilo, Waipahu Hawaii
94%
Reno, Henderson, Elko Nevada
94%
Las Cruces, Roswell, Albuquerque New Mexico
94%
Galveston, El Paso, Waco Texas
94%
Spokane, Tacoma, Vancouver Washington
94%
Fairbanks, Anchorage, Sitka Alaska
92%
Boulder, Fort Collins, Aurora Colorado
88%
Eugene, Bend, Salem Oregon
83%
Bozeman, Butte, Missoula Montana
78%
Provo, Lehi, West Jordan Utah
78%
Casper, Laramie, Cody Wyoming
67%
Pocatello, Meridian, Nampa Idaho
65%
No matching quizzes found
Score Distribution
Percent of People with Each Score
Percentile by Number Answered
Your Score History
You have not taken this quiz